Statistics for Footballers Who've Played in The Champions League For 5 or More Clubs

Click here to take the quiz!

General Stats

  • This quiz has been taken 150 times
  • The average score is 5 of 15

Answer Stats

Apps.ClubsYearsPos.Answer% Correct
124Paris Saint-Germain, Inter Milan, AC Milan, Ajax, Juventus, Barcelona, Manchester United2002-2022FWZlatan Ibrahimović
97%
78Barcelona, Inter Milan, Chelsea, Real Mallorca, Real Madrid1999-2014FWSamuel Eto'o
62%
74Barcelona, Arsenal, Inter Milan, Manchester United, Olympique Marseille2011-FW/AMAlexis Sánchez
53%
76Borussia Dortmund, Zenit St. Petersburg, Atlético Madrid, Benfica, Standard Liege2009-DM/CBAxel Witsel
47%
93Real Madrid, Valencia, AS Monaco, Liverpool, Olympique Marseille1997-2010FWFernando Morientes
47%
68Chelsea, Real Madrid, Paris Saint-Germain, Fenerbahçe, Arsenal, Juventus1998-2013FWNicolas Anelka
46%
83Juventus, Olympique Lyon, AS Roma, Barcelona, Besiktas2008-2022DMMiralem Pjanić
45%
54Manchester City, Juventus, Valencia, Barcelona, Bayern Munich
2015-
RB/LBJoão Cancelo
43%
65Inter Milan, Chelsea, Lazio, AC Milan, Parma1997-2008FWHernán Crespo
37%
40Galatasaray, Lille, Fenerbahçe, Trabzonspor, Besiktas2007-2022FWBurak Yılmaz
31%
56Barcelona, Benfica, AS Monaco, Real Madrid, Malaga, Olympiakos2001-2014FWJavier Saviola
15%
62AS Roma, Juventus, Bayer Leverkusen, Real Madrid, AC Milan1997-2008DMEmerson
8%
33Panathinaikos, Borussia Dortmund, Juventus, Benfica, Inter Milan1991-2002MFPaulo Sousa
8%
62Barcelona, AS Roma, Sevilla, RC Lens, Olympique Marseille1999-2016DMSeydou Keita
8%
33Olympique Marseille, Inter Milan, Paris Saint-Germain, RC Lens, Bordeaux1998-2007DMStéphane Dalmat
2%

Score Distribution

Percentile by Number Answered

Percent of People with Each Score

Your Score History

You have not taken this quiz